[Event "Catalunya-ch"]
[Site "Barcelona"]
[Date "2007.04.07"]
[Round "7"]
[White "Garreta Martinez, Albert"]
[Black "Lopez Gallego, Miguel Angel"]
[Result "1-0"]
[WhiteElo "1986"]
[BlackElo "1945"]
[PlyCount "127"]
[EventDate "2007.04.01"]
[EventType "swiss"]
[EventRounds "9"]
[EventCountry "ESP"]
[SourceTitle "CBM 117 Extra"]
[Source "ChessBase"]
[SourceDate "2007.05.09"]
[SourceVersion "1"]
[SourceVersionDate "2007.05.09"]
[SourceQuality "1"]

1. e4 e5 2. Nf3 Nf6 3. Nxe5 d6 4. Nf3 Nxe4 5. d4 d5 6. h3 Be7 7. Bd3 f5 8. 0-0 0-0 9. c4 c6 10. Nc3 Be6 11. Qe2 Nd7 12. Nd2 Bf7 13. Nb3 Bd6 14. cxd5 cxd5 15. Qf3 Qf6 16. Nb5 Bb8 17. Bf4 a6 18. Bxb8 Raxb8 19. Nc3 Rbc8 20. Rac1 Rfe8 21. Ne2 Nb6 22. Rxc8 Rxc8 23. Rc1 Rxc1+ 24. Nbxc1 Nc4 25. Qf4 Ned6 26. b3 Na5 27. Qe5 Nc6 28. Qxf6 gxf6 29. a4 Kg7 30. f3 Kh6 31. Kf2 Kg5 32. g3 b5 33. h4+ Kh6 34. axb5 axb5 35. Ke3 Kg7 36. Nc3 Na7 37. N1a2 Be6 38. Nb4 Kf7 39. Kf4 h5 40. Nd1 Nac8 41. Nc3 Ne7 42. Nxb5 Nb7 43. Ke3 Bd7 44. Nc7 Be6 45. Nba6 Na5 46. Nxe6 Kxe6 47. Nc5+ Kf7 48. Bb5 Nec6 49. Bxc6 Nxc6 50. Nd3 Na5 51. b4 Nc4+ 52. Ke2 Nd6 53. Nf4 Nb5 54. Kd3 Nc7 55. Nxh5 Nb5 56. Nf4 Nc7 57. Ne2 Kg6 58. Nc3 Kh5 59. b5 f4 60. gxf4 f5 61. b6 Na6 62. Nxd5 Kxh4 63. Ne7 Kh5 64. Nc6 1-0

[Event "Catalunya-ch"]
[Site "Barcelona"]
[Date "2007.04.01"]
[Round "1"]
[White "Lopez Gallego, Miguel Angel"]
[Black "Ivanova, Svetlana"]
[Result "0-1"]
[WhiteElo "1945"]
[BlackElo "2207"]
[PlyCount "82"]
[EventDate "2007.04.01"]
[EventType "swiss"]
[EventRounds "9"]
[EventCountry "ESP"]
[SourceTitle "CBM 117 Extra"]
[Source "ChessBase"]
[SourceDate "2007.05.09"]
[SourceVersion "1"]
[SourceVersionDate "2007.05.09"]
[SourceQuality "1"]

1. e4 c5 2. Nf3 Nc6 3. d3 g6 4. g3 Bg7 5. Bg2 d6 6. c3 Nf6 7. 0-0 0-0 8. Na3 Rb8 9. Nc4 b5 10. Ne3 Bb7 11. Rb1 a5 12. b3 Ba6 13. c4 bxc4 14. dxc4 Nxe4 15. Bb2 Nc3 16. Bxc3 Bxc3 17. Nd5 Bg7 18. Re1 e6 19. Nf4 Bb7 20. h4 Ne7 21. h5 e5 22. Nd5 Nxd5 23. cxd5 f5 24. hxg6 hxg6 25. Nd2 e4 26. Nc4 Bd4 27. Qd2 Bxd5 28. Nxa5 Qf6 29. Rbc1 Ba8 30. Nc4 d5 31. Ne3 Rbd8 32. Nd1 Rd7 33. b4 c4 34. a4 g5 35. Bh3 Rh7 36. Bg2 f4 37. gxf4 gxf4 38. Qe2 Qg5 39. Kf1 f3 40. Bxf3 exf3 41. Qe6+ Kh8 0-1

[Event "Terrassa op-B"]
[Site "Terrassa"]
[Date "1996.??.??"]
[Round "8"]
[White "Lopez Gallego, Miguel Angel"]
[Black "Camarasa Rodriguez, Miguel"]
[Result "1-0"]
[WhiteElo "1940"]
[BlackElo "2035"]
[PlyCount "80"]
[EventDate "1996.07.??"]
[EventType "swiss"]
[EventRounds "9"]
[EventCountry "ESP"]
[SourceTitle "EXT 2002"]
[Source "ChessBase"]
[SourceDate "2001.11.25"]
[SourceVersion "1"]
[SourceVersionDate "2001.11.25"]
[SourceQuality "1"]

1. e4 c5 2. Nf3 Nc6 3. d4 cxd4 4. Nxd4 Nf6 5. Nc3 d6 6. Be2 e6 7. Be3 Be7 8. 0-0 0-0 9. f4 Bd7 10. Bf3 Nxd4 11. Bxd4 Bc6 12. Qe1 b5 13. Qg3 g6 14. e5 dxe5 15. Bxe5 Bxf3 16. Qxf3 Qb6+ 17. Kh1 Nd7 18. Ne4 f5 19. Nf2 Nxe5 20. fxe5 Rad8 21. Nd3 Rd5 22. Qg3 Rfd8 23. Rf4 a5 24. h4 Qc7 25. Qf2 Rc8 26. Kh2 Kf7 27. Ne1 Rxe5 28. Kh1 Bc5 29. Qg3 Bd6 30. Rd4 Rd5 31. Qd3 Rxd4 32. Qxd4 Bc5 33. Qd3 Rd8 34. Qxb5 Rb8 35. Qe2 Qf4 36. Nf3 Rb4 37. c4 Rxc4 38. Qxc4 Qxc4 39. Ne5+ Kf6 40. Nxc4 a4 1-0